| 000 | 00540nam a22001817a 4500 | ||
|---|---|---|---|
| 003 | OSt | ||
| 005 | 20220107122826.0 | ||
| 008 | 170602b xxu||||| |||| 00| 0 eng d | ||
| 040 | _cIIITMK | ||
| 100 |
_aAthira Nair (93616009) _911856 |
||
| 245 | _aVideo steganography by audio video separation | ||
| 300 | _aMsc CS - Mini Project | ||
| 502 |
_bMSC CS _c2016-18 _dINT _eDr. Sabu M Thampi |
||
| 650 |
_aVIDEO STEGANOGRAPHY _911857 |
||
| 650 |
_aELLIPTIC CURVE CRYPTOGRAPHY _911858 |
||
| 650 |
_aFAST FOURIER TRANSFORM _911859 |
||
| 942 |
_2ddc _cPR |
||
| 999 |
_c5629 _d5629 |
||